[Event "Toronto op"]
[Site "Toronto"]
[Date "1972.04.02"]
[Round "6"]
[White "Kostiuk, Paul"]
[Black "Brodie, Hugh"]
[Result "0-1"]
[WhiteElo "1700"]
[BlackElo "1800"]
[PlyCount "50"]
[EventDate "1972.03.31"]
[EventType "swiss"]
[EventRounds "6"]
[EventCountry "CAN"]
[SourceTitle "EXT 2022"]
[Source "ChessBase"]
[SourceDate "2021.10.06"]
[SourceVersion "1"]
[SourceVersionDate "2021.10.06"]
[SourceQuality "1"]

1. Nc3 e5 2. e4 Nf6 3. Nf3 Nc6 4. Bc4 Nxe4 5. Nxe4 d5 6. Bb5 dxe4 7. Nxe5 Bd7 8. Nxc6 Bxc6 9. Bxc6+ bxc6 10. b3 Qf6 11. Rb1 Bd6 12. Qg4 0-0 13. Qh3 Rfe8 14. 0-0 Re6 15. Bb2 Qg5 16. d3 Rh6 17. Bc1 Rxh3 18. Bxg5 Bxh2+ 19. Kh1 Rh5 20. Be3 Bd6+ 21. Kg1 exd3 22. cxd3 Rd5 23. Rfd1 f5 24. g3 Re8 25. d4 Bxg3 0-1